[Event "Skakligaen 2019-20"]
[Site "Denmark"]
[Date "2020.01.12"]
[Round "5.1"]
[White "Hansen, Sune Berg"]
[Black "Berkes, Ferenc"]
[Result "1/2-1/2"]
[WhiteElo "2574"]
[BlackElo "2647"]
[PlyCount "26"]
[EventDate "2019.11.23"]
[EventType "team-tourn"]
[EventRounds "9"]
[WhiteTeam "Hillerod"]
[BlackTeam "Koge"]
[WhiteTeamCountry "DEN"]
[BlackTeamCountry "DEN"]

1. d4 d5 2. c4 c6 3. Nf3 Nf6 4. Qc2 g6 5. Bf4 Bg7 6. e3 O-O 7. Nc3 Bg4 8. Ne5
Be6 9. Be2 Nbd7 10. Nxd7 Qxd7 11. cxd5 Nxd5 12. Nxd5 cxd5 13. O-O Rfc8 1/2-1/2

[Event "Skakligaen 2019-20"]
[Site "Denmark"]
[Date "2020.01.12"]
[Round "5.2"]
[White "Tari, Aryan"]
[Black "Schandorff, Lars"]
[Result "1/2-1/2"]
[WhiteElo "2629"]
[BlackElo "2480"]
[PlyCount "91"]
[EventDate "2019.11.23"]
[EventType "team-tourn"]
[EventRounds "9"]
[WhiteTeam "Koge"]
[BlackTeam "Hillerod"]
[WhiteTeamCountry "DEN"]
[BlackTeamCountry "DEN"]

1. e4 c6 2. d4 d5 3. e5 Bf5 4. Nd2 e6 5. Nb3 c5 6. dxc5 Bxc5 7. Nxc5 Qa5+ 8. c3
Qxc5 9. Be3 Qc7 10. f4 Ne7 11. Be2 O-O 12. Nf3 Nbc6 13. O-O f6 14. exf6 Rxf6
15. Qd2 h6 16. Rae1 Be4 17. Qc1 Nf5 18. Bf2 Nfe7 19. Nd2 Bh7 20. Be3 Nf5 21.
Nb3 Re8 22. Bf2 Nd6 23. Bh4 Rff8 24. Bh5 Nf7 25. Nc5 Ncd8 26. b4 Bf5 27. g4 Bh7
28. Bxf7+ Qxf7 29. Qe3 b6 30. Nb3 Nb7 31. Nd4 Be4 32. Qg3 Qd7 33. c4 Nd6 34. c5
bxc5 35. bxc5 Nc4 36. f5 e5 37. Ne6 Rxe6 38. fxe6 Rxf1+ 39. Rxf1 Qxe6 40. g5
hxg5 41. Bxg5 Qg6 42. Qg4 Nd2 43. Qc8+ Kh7 44. Qh3+ Kg8 45. Qc8+ Kh7 46. Qh3+
1/2-1/2

[Event "Skakligaen 2019-20"]
[Site "Denmark"]
[Date "2020.01.12"]
[Round "5.3"]
[White "Borge, Nikolaj"]
[Black "Sengupta, Deep"]
[Result "1/2-1/2"]
[WhiteElo "2372"]
[BlackElo "2557"]
[PlyCount "203"]
[EventDate "2019.11.23"]
[EventType "team-tourn"]
[EventRounds "9"]
[WhiteTeam "Hillerod"]
[BlackTeam "Koge"]
[WhiteTeamCountry "DEN"]
[BlackTeamCountry "DEN"]

1. e4 e6 2. d4 d5 3. exd5 exd5 4. Nf3 Nc6 5. Nc3 Bg4 6. Qe2+ Be7 7. Be3 Nf6 8.
h3 Bh5 9. g4 Bg6 10. Ne5 Ne4 11. Nxe4 Bxe4 12. f3 Bh4+ 13. Kd1 Nxe5 14. fxe4
dxe4 15. Qb5+ Nd7 16. g5 c5 17. dxc5 Bxg5 18. Bxg5 Qxg5 19. c6 Qxb5 20. Bxb5
bxc6 21. Bxc6 O-O-O 22. Bxe4 Nc5+ 23. Bd3 Nxd3 24. cxd3 Rxd3+ 25. Ke2 Rd6 26.
Rac1+ Kd7 27. Rhd1 Rb8 28. Rxd6+ Kxd6 29. b3 Rb5 30. Rc8 Ra5 31. a4 Re5+ 32.
Kf3 Re7 33. b4 f5 34. b5 Rc7 35. Rf8 g6 36. Rf6+ Ke5 37. Ra6 g5 38. Ra5 Ke6 39.
Ra6+ Kd5 40. Ra5 Kc4 41. b6 axb6 42. Rxf5 Ra7 43. Rb5 Ra6 44. Kg3 Rxa4 45. Rxb6
h5 46. Rh6 Ra3+ 47. Kh2 h4 48. Rg6 Rg3 49. Ra6 Kd4 50. Ra4+ Ke5 51. Ra5+ Kf6
52. Ra6+ Kf5 53. Ra5+ Kg6 54. Ra6+ Kh5 55. Rf6 Rb3 56. Kg2 Rb7 57. Kh2 Rg7 58.
Kg2 Rg8 59. Kh2 Rd8 60. Kg2 Rd4 61. Kh2 Rf4 62. Ra6 Rf8 63. Kg2 Rg8 64. Rf6 Rg6
65. Rf8 Rd6 66. Rg8 Kh6 67. Kf2 Rd2+ 68. Kg1 Rd5 69. Kg2 Kh7 70. Rf8 Kg6 71.
Rf2 Rd3 72. Kh2 Rg3 73. Rf1 Re3 74. Rf2 Re4 75. Kg2 Rf4 76. Ra2 Rf6 77. Ra5 Rd6
78. Rb5 Kf6 79. Ra5 Rd2+ 80. Kg1 Re2 81. Ra8 Kf5 82. Ra4 Re4 83. Ra2 Re3 84.
Kg2 Kf4 85. Rf2+ Ke4 86. Ra2 Rg3+ 87. Kh2 Rd3 88. Rg2 Kf4 89. Rg4+ Kf5 90. Kg2
Re3 91. Ra4 Re2+ 92. Kg1 Re4 93. Ra2 Kf4 94. Kf2 Rd4 95. Rb2 g4 96. hxg4 Kxg4
97. Kg2 h3+ 98. Kh2 Kh4 99. Ra2 Rg4 100. Rb2 Rg2+ 101. Rxg2 hxg2 102. Kxg2
1/2-1/2

[Event "Skakligaen 2019-20"]
[Site "Denmark"]
[Date "2020.01.12"]
[Round "5.4"]
[White "Brunello, Sabino"]
[Black "Pedersen, Steffen"]
[Result "0-1"]
[WhiteElo "2549"]
[BlackElo "2308"]
[PlyCount "82"]
[EventDate "2019.11.23"]
[EventType "team-tourn"]
[EventRounds "9"]
[WhiteTeam "Koge"]
[BlackTeam "Hillerod"]
[WhiteTeamCountry "DEN"]
[BlackTeamCountry "DEN"]

1. e4 c6 2. Ne2 g6 3. d4 Bg7 4. Nbc3 b5 5. g3 d6 6. Bg2 Bb7 7. O-O Nd7 8. f4 e5
9. dxe5 dxe5 10. f5 Ngf6 11. Qe1 b4 12. Nd1 c5 13. Nf2 Qb6 14. g4 gxf5 15. exf5
Bxg2 16. Kxg2 Qc6+ 17. Kg1 e4 18. Ng3 O-O-O 19. g5 e3 20. Nd3 Nd5 21. f6 Bf8
22. b3 Rg8 23. Rf5 Bd6 24. Qe2 Rde8 25. Qg2 N7b6 26. Bb2 c4 27. bxc4 Qxc4 28.
Ne2 h6 29. h3 Rxg5 30. Rxg5 hxg5 31. Qxg5 Kb7 32. Nd4 Re4 33. Nf5 Bc7 34. Qg2
Nd7 35. a3 b3 36. Rc1 e2 37. Qf3 bxc2 38. Kf2 Kb8 39. Rxc2 Bb6+ 40. Ke1 Qxc2
41. Qxe4 Qd1# 0-1

[Event "Skakligaen 2019-20"]
[Site "Denmark"]
[Date "2020.01.12"]
[Round "5.5"]
[White "Jaksland, Tim"]
[Black "Chatalbashev, Boris"]
[Result "1-0"]
[WhiteElo "2218"]
[BlackElo "2530"]
[PlyCount "103"]
[EventDate "2019.11.23"]
[EventType "team-tourn"]
[EventRounds "9"]
[WhiteTeam "Hillerod"]
[BlackTeam "Koge"]
[WhiteTeamCountry "DEN"]
[BlackTeamCountry "DEN"]

1. d4 Nf6 2. Nc3 d5 3. Bf4 c6 4. e3 g6 5. Be2 Bg7 6. h4 Qb6 7. a3 h5 8. Nf3 Bg4
9. O-O O-O 10. Na4 Qd8 11. Nc5 Nbd7 12. Nd3 Ne4 13. Nde5 Bxf3 14. Nxf3 e6 15.
c4 c5 16. cxd5 exd5 17. Qb3 Nb6 18. dxc5 Nxc5 19. Qb4 Nba4 20. Rac1 Qb6 21. Be5
Bxe5 22. Nxe5 Rfe8 23. Qf4 Re7 24. Rc2 Rae8 25. Nf3 Re4 26. Qg5 Qd6 27. Rd1 Nb6
28. Nd4 Ne6 29. Nxe6 Qxe6 30. Bf3 Re5 31. Qf4 Qe7 32. Rd4 a5 33. Rd1 Qd6 34.
Qd4 a4 35. Rc5 Qe6 36. Rb5 Nc8 37. Rxd5 Rxd5 38. Qxd5 Qb6 39. Qxb7 Qxb7 40.
Bxb7 Nb6 41. Rd4 Re6 42. Bf3 Kg7 43. g3 f5 44. Bd1 Re4 45. Rxe4 fxe4 46. b3
axb3 47. Bxb3 Nd7 48. Bd5 Nc5 49. Bc6 Kf7 50. a4 Ke7 51. a5 Kd8 52. Kg2 1-0

[Event "Skakligaen 2019-20"]
[Site "Denmark"]
[Date "2020.01.12"]
[Round "5.6"]
[White "Danielsen, Henrik"]
[Black "Ostergaard, Jens"]
[Result "1-0"]
[WhiteElo "2497"]
[BlackElo "2228"]
[PlyCount "151"]
[EventDate "2019.11.23"]
[EventType "team-tourn"]
[EventRounds "9"]
[WhiteTeam "Koge"]
[BlackTeam "Hillerod"]
[WhiteTeamCountry "DEN"]
[BlackTeamCountry "DEN"]

1. g3 Nf6 2. Bg2 g6 3. c4 Bg7 4. Nc3 O-O 5. d4 d6 6. Nf3 c6 7. O-O Qa5 8. e4
Nbd7 9. Qc2 e5 10. Rd1 exd4 11. Rxd4 Ne5 12. Rxd6 Nxc4 13. Rd3 Bg4 14. Bf4 Nh5
15. Bd6 Rfd8 16. Rad1 Nxd6 17. Rxd6 Rxd6 18. Rxd6 Be6 19. a3 Nf6 20. Qd2 Bf8
21. Nd5 Qxd2 22. Nxf6+ Kg7 23. Rxd2 Kxf6 24. e5+ Ke7 25. Ng5 Bh6 26. h4 Bxg5
27. hxg5 Rd8 28. Rxd8 Kxd8 29. Kf1 Kc7 30. Ke2 Kb6 31. Kd3 Kc5 32. Kc3 a5 33.
f4 a4 34. Bf3 b5 35. Be4 Bf5 36. Bf3 Be6 37. Bd1 Bd5 38. Bc2 Be6 39. Bd1 Bd5
40. Bg4 Be6 41. Be2 Bd5 42. Bd3 Be6 43. Bf1 Bf5 44. Bg2 Be6 45. Bf3 Bd7 46. g4
Be6 47. Bd1 Bd7 48. Bf3 Be6 49. Be2 Bd5 50. Bd1 Be4 51. b3 axb3 52. Bxb3 Bd5
53. Bc2 Bf3 54. Bb3 Bd5 55. Bc2 Bf3 56. f5 Bxg4 57. e6 fxe6 58. fxg6 hxg6 59.
Bxg6 Kd6 60. Be8 Bf3 61. g6 Bd5 62. g7 e5 63. Kd3 Kc5 64. Bg6 Bg8 65. Ke4 Kd6
66. Kf5 c5 67. Kf6 b4 68. Bf7 Bh7 69. Kg5 e4 70. Kh6 e3 71. Kxh7 e2 72. g8=Q
e1=Q 73. Qd8+ Kc6 74. Bd5+ Kb5 75. Qb8+ Ka5 76. Qa7+ 1-0

[Event "Skakligaen 2019-20"]
[Site "Denmark"]
[Date "2020.01.12"]
[Round "5.7"]
[White "Nordenbaek, Jan"]
[Black "Smith, Axel"]
[Result "1/2-1/2"]
[WhiteElo "2239"]
[BlackElo "2465"]
[PlyCount "73"]
[EventDate "2019.11.23"]
[EventType "team-tourn"]
[EventRounds "9"]
[WhiteTeam "Hillerod"]
[BlackTeam "Koge"]
[WhiteTeamCountry "DEN"]
[BlackTeamCountry "DEN"]

1. e4 c5 2. Nf3 e6 3. Nc3 a6 4. d4 cxd4 5. Nxd4 d6 6. Be3 Be7 7. Qd2 Nf6 8. f3
b5 9. g4 Bb7 10. g5 Nfd7 11. h4 Nb6 12. a4 bxa4 13. Nxa4 Nxa4 14. Rxa4 d5 15.
exd5 Qxd5 16. Bg2 Nd7 17. Ra5 Qd6 18. f4 Bxg2 19. Qxg2 O-O 20. Nc6 Rfc8 21.
Nxe7+ Qxe7 22. c3 Qd6 23. O-O Nb6 24. Bd4 Nd5 25. Qe4 Rc6 26. Rf2 Re8 27. h5
Ne7 28. Rg2 Qc7 29. Re5 Rf8 30. g6 fxg6 31. Rxe6 Rxf4 32. Rxc6 Nxc6 33. Qe6+
Rf7 34. hxg6 hxg6 35. Qe8+ Rf8 36. Qe6+ Rf7 37. Qe8+ 1/2-1/2

[Event "Skakligaen 2019-20"]
[Site "Denmark"]
[Date "2020.01.12"]
[Round "5.8"]
[White "Percivaldi, Martin"]
[Black "Nilsson, Lars Kjoller"]
[Result "1-0"]
[WhiteElo "2384"]
[BlackElo "1912"]
[PlyCount "51"]
[EventDate "2019.11.23"]
[EventType "team-tourn"]
[EventRounds "9"]
[WhiteTeam "Koge"]
[BlackTeam "Hillerod"]
[WhiteTeamCountry "DEN"]
[BlackTeamCountry "DEN"]

1. Nf3 d5 2. g3 Bg4 3. Bg2 Nd7 4. h3 Bxf3 5. Bxf3 Ngf6 6. d4 c6 7. O-O e5 8.
Bg2 Bd6 9. c4 e4 10. Nc3 O-O 11. Qb3 Qb6 12. cxd5 Qxb3 13. axb3 cxd5 14. Nb5
Bb4 15. Nxa7 Rfc8 16. Nxc8 Rxa1 17. Bf4 Rxf1+ 18. Bxf1 g6 19. g4 Kf8 20. e3 Kg7
21. g5 Nh5 22. Bd6 Ba5 23. Bb5 Nf8 24. Be5+ f6 25. gxf6+ Kf7 26. Nd6+ 1-0

[Event "Skakligaen 2019-20"]
[Site "Denmark"]
[Date "2020.01.12"]
[Round "5.1"]
[White "Hillarp Persson, Tiger"]
[Black "Nielsen, Viktor Haarmark"]
[Result "1/2-1/2"]
[WhiteElo "2542"]
[BlackElo "2268"]
[PlyCount "110"]
[EventDate "2019.11.23"]
[EventType "team-tourn"]
[EventRounds "9"]
[WhiteTeam "Bronshoj"]
[BlackTeam "OBRO"]
[WhiteTeamCountry "DEN"]
[BlackTeamCountry "DEN"]

1. c4 c5 2. Nf3 Nc6 3. Nc3 g6 4. g3 Bg7 5. Bg2 e6 6. d3 Nge7 7. h4 h6 8. Bd2 b6
9. a3 Bb7 10. O-O d5 11. b4 cxb4 12. axb4 Nxb4 13. Qa4+ Nbc6 14. cxd5 exd5 15.
Rac1 O-O 16. h5 g5 17. Nxg5 hxg5 18. Bxg5 Nd4 19. h6 Bh8 20. e3 Ne6 21. Bh4 Kh7
22. d4 Kxh6 23. Nxd5 Bxd5 24. Bxe7 Qxe7 25. Bxd5 Rac8 26. Kg2 Bf6 27. Qd1 Rxc1
28. Rh1+ Kg7 29. Qg4+ Bg5 30. Rxc1 f5 31. Qd1 Rd8 32. Qb3 Nxd4 33. Qc4 Qc5 34.
Qxc5 bxc5 35. Rxc5 Be7 36. Ra5 Nc2 37. Rxa7 Rxd5 38. Rxe7+ Kf6 39. Rc7 Rd2 40.
Kf1 Nb4 41. Ke1 Rb2 42. Rd7 Ke5 43. Rd2 Rb3 44. Ke2 Nd5 45. Kf3 Nf6 46. Ra2 Rb4
47. Ra5+ Ke6 48. Ra6+ Kf7 49. Ra2 Kg6 50. Kg2 Rb3 51. Re2 Kg5 52. Ra2 Ng4 53.
Re2 Nf6 54. Ra2 Ng4 55. Re2 Nf6 1/2-1/2

[Event "Skakligaen 2019-20"]
[Site "Denmark"]
[Date "2020.01.12"]
[Round "5.2"]
[White "Hansen, Mads Smith"]
[Black "Aagaard, Jacob"]
[Result "1/2-1/2"]
[WhiteElo "2361"]
[BlackElo "2473"]
[PlyCount "26"]
[EventDate "2019.11.23"]
[EventType "team-tourn"]
[EventRounds "9"]
[WhiteTeam "OBRO"]
[BlackTeam "Bronshoj"]
[WhiteTeamCountry "DEN"]
[BlackTeamCountry "DEN"]

1. d4 Nf6 2. Nf3 d5 3. Bg5 e6 4. Nbd2 Be7 5. e3 c5 6. c3 Nc6 7. Bd3 b6 8. O-O
Bb7 9. Ne5 Nxe5 10. dxe5 Nd7 11. Bxe7 Qxe7 12. f4 O-O 13. Qe2 f6 1/2-1/2

[Event "Skakligaen 2019-20"]
[Site "Denmark"]
[Date "2020.01.12"]
[Round "5.3"]
[White "Vasli, Aref"]
[Black "Rasmussen, Casper Dahl"]
[Result "1/2-1/2"]
[WhiteElo "2397"]
[BlackElo "2304"]
[PlyCount "29"]
[EventDate "2019.11.23"]
[EventType "team-tourn"]
[EventRounds "9"]
[WhiteTeam "Bronshoj"]
[BlackTeam "OBRO"]
[WhiteTeamCountry "DEN"]
[BlackTeamCountry "DEN"]

1. e4 e5 2. Nf3 Nf6 3. Nxe5 d6 4. Nf3 Nxe4 5. Nc3 Nxc3 6. dxc3 Be7 7. Be3 Nc6
8. Qd2 Be6 9. Ng5 Qd7 10. Nxe6 Qxe6 11. Be2 O-O 12. O-O Bf6 13. a4 Rfe8 14.
Rfe1 Ne5 15. h3 1/2-1/2

[Event "Skakligaen 2019-20"]
[Site "Denmark"]
[Date "2020.01.12"]
[Round "5.4"]
[White "Hansen, Soren Bech"]
[Black "Bromann, Thorbjorn"]
[Result "1/2-1/2"]
[WhiteElo "2221"]
[BlackElo "2399"]
[PlyCount "67"]
[EventDate "2019.11.23"]
[EventType "team-tourn"]
[EventRounds "9"]
[WhiteTeam "OBRO"]
[BlackTeam "Bronshoj"]
[WhiteTeamCountry "DEN"]
[BlackTeamCountry "DEN"]

1. e4 g6 2. d4 Bg7 3. c3 d6 4. Nf3 Nf6 5. Bd3 O-O 6. O-O Nc6 7. h3 e5 8. Re1 h6
9. Nbd2 Nh5 10. dxe5 Nf4 11. Bc4 Nxe5 12. Nxe5 dxe5 13. Nf3 Qf6 14. Bxf4 Qxf4
15. Qd3 Qf6 16. Rad1 b6 17. Nh2 Bb7 18. Ng4 Qg5 19. Bd5 c6 20. Bb3 h5 21. Qe3
Qe7 22. Nh2 Kh7 23. Nf3 Bh6 24. Qd3 Rad8 25. Qc4 b5 26. Qe2 f6 27. Nh2 Rxd1 28.
Rxd1 Rd8 29. Nf1 Rxd1 30. Qxd1 Bc8 31. a4 a6 32. axb5 axb5 33. Ba2 Be6 34. Bxe6
1/2-1/2

[Event "Skakligaen 2019-20"]
[Site "Denmark"]
[Date "2020.01.12"]
[Round "5.5"]
[White "Hoi, Carsten"]
[Black "Larsen, Karsten"]
[Result "1-0"]
[WhiteElo "2317"]
[BlackElo "2259"]
[PlyCount "73"]
[EventDate "2019.11.23"]
[EventType "team-tourn"]
[EventRounds "9"]
[WhiteTeam "Bronshoj"]
[BlackTeam "OBRO"]
[WhiteTeamCountry "DEN"]
[BlackTeamCountry "DEN"]

1. d4 d5 2. Nf3 Nf6 3. e3 e6 4. Bd3 c5 5. b3 Nc6 6. O-O b6 7. Bb2 Bb7 8. Nbd2
Be7 9. a3 O-O 10. Qe2 Qc7 11. Rfd1 Rfd8 12. Ne5 Nxe5 13. dxe5 Nd7 14. f4 c4 15.
bxc4 Nc5 16. a4 Rac8 17. cxd5 Bxd5 18. Bd4 a5 19. Bb5 Ne4 20. Nxe4 Bxe4 21. c3
Bc5 22. Ba6 Rb8 23. Bd3 Bc6 24. Qg4 Qe7 25. h4 Rbc8 26. f5 Bxd4 27. cxd4 exf5
28. Bxf5 Rc7 29. h5 Be8 30. Qf4 Rc4 31. Rdb1 Rb4 32. h6 g6 33. Be4 Rc8 34. Rc1
Rbc4 35. Rxc4 Rxc4 36. Rb1 Rb4 37. Rc1 1-0

[Event "Skakligaen 2019-20"]
[Site "Denmark"]
[Date "2020.01.12"]
[Round "5.6"]
[White "Simonsen, Carsten"]
[Black "Palm, Nikolaj"]
[Result "0-1"]
[WhiteElo "2232"]
[BlackElo "2282"]
[PlyCount "62"]
[EventDate "2019.11.23"]
[EventType "team-tourn"]
[EventRounds "9"]
[WhiteTeam "OBRO"]
[BlackTeam "Bronshoj"]
[WhiteTeamCountry "DEN"]
[BlackTeamCountry "DEN"]

1. d4 d5 2. Bf4 Nf6 3. e3 e6 4. Nf3 Bd6 5. Bg3 O-O 6. Nbd2 b6 7. c3 Bb7 8. Bd3
Ne4 9. Qc2 f5 10. Ne5 c5 11. Ndf3 Qc7 12. Qa4 a6 13. O-O Nxg3 14. fxg3 Nc6 15.
Nxc6 Bxc6 16. Qc2 c4 17. Be2 b5 18. g4 Be8 19. h3 fxg4 20. Ng5 Bg6 21. Qd2 Qe7
22. e4 h6 23. e5 Bc7 24. Nxe6 Qxe6 25. Bxg4 Qe7 26. Bf3 Bf7 27. g4 Be6 28. Qg2
Qd7 29. Rf2 Bd8 30. Raf1 Bh4 31. Re2 Rf4 0-1

[Event "Skakligaen 2019-20"]
[Site "Denmark"]
[Date "2020.01.12"]
[Round "5.7"]
[White "Laursen, Niels Norskov"]
[Black "Schou Moldt, Thomas"]
[Result "1/2-1/2"]
[WhiteElo "2251"]
[BlackElo "2173"]
[PlyCount "66"]
[EventDate "2019.11.23"]
[EventType "team-tourn"]
[EventRounds "9"]
[WhiteTeam "Bronshoj"]
[BlackTeam "OBRO"]
[WhiteTeamCountry "DEN"]
[BlackTeamCountry "DEN"]

1. e4 d6 2. d4 Nf6 3. Nc3 g6 4. f4 Bg7 5. Nf3 O-O 6. Bd3 c5 7. dxc5 dxc5 8. e5
Nd5 9. Nxd5 Qxd5 10. Qe2 Nc6 11. Bc4 Qd8 12. O-O Bg4 13. Be3 Nd4 14. Bxd4 Bxf3
15. Rxf3 Qxd4+ 16. Kh1 Qxb2 17. Raf1 e6 18. h4 Rad8 19. Rb3 Qxa2 20. Rxb7 Qa5
21. Bd3 Rd4 22. h5 Qd8 23. Qg4 c4 24. Be2 Rd2 25. hxg6 hxg6 26. Ra1 a5 27. c3
Qd5 28. Bf3 Qc5 29. Be4 Qf2 30. Bxg6 fxg6 31. Qxe6+ Kh7 32. Qh3+ Kg8 33. Qe6+
Kh7 1/2-1/2

[Event "Skakligaen 2019-20"]
[Site "Denmark"]
[Date "2020.01.12"]
[Round "5.8"]
[White "Christensen, Janus"]
[Black "Greger, Roland Reinhard"]
[Result "0-1"]
[WhiteElo "2095"]
[BlackElo "2276"]
[PlyCount "70"]
[EventDate "2019.11.23"]
[EventType "team-tourn"]
[EventRounds "9"]
[WhiteTeam "OBRO"]
[BlackTeam "Bronshoj"]
[WhiteTeamCountry "DEN"]
[BlackTeamCountry "DEN"]

1. e4 e6 2. d4 d5 3. exd5 exd5 4. c4 Nf6 5. Nc3 Be7 6. Bg5 c6 7. Bd3 dxc4 8.
Bxc4 Nbd7 9. Nf3 Nb6 10. Bb3 O-O 11. Ne5 Nfd5 12. Bxe7 Qxe7 13. O-O Nxc3 14.
bxc3 Be6 15. Re1 Rfe8 16. Qd2 Rad8 17. Nd3 Qf6 18. Nc5 Bc8 19. Ne4 Qg6 20. Ng5
Rf8 21. Re5 h6 22. Bc2 Qf6 23. Qd3 g6 24. Qf3 Qxf3 25. Nxf3 Bg4 26. Nd2 Nd5 27.
Rae1 Nxc3 28. Nb3 b6 29. Re7 a5 30. f3 Bc8 31. Rc7 Rd6 32. Be4 Nxa2 33. Bxc6
Nb4 34. Be8 Be6 35. d5 Nxd5 0-1

[Event "Skakligaen 2019-20"]
[Site "Denmark"]
[Date "2020.01.12"]
[Round "5.1"]
[White "Jacobsen, Mikkel Manosri"]
[Black "Hector, Jonny"]
[Result "0-1"]
[WhiteElo "2330"]
[BlackElo "2478"]
[PlyCount "74"]
[EventDate "2019.11.23"]
[EventType "team-tourn"]
[EventRounds "9"]
[WhiteTeam "BMS"]
[BlackTeam "Nordkalotten"]
[WhiteTeamCountry "DEN"]
[BlackTeamCountry "DEN"]

1. d4 d5 2. c4 c6 3. Nf3 Nf6 4. g3 Bf5 5. Nbd2 e6 6. Bg2 h6 7. O-O Nbd7 8. b3
Bd6 9. Bb2 Qb8 10. Re1 Bh7 11. a4 a5 12. Qc1 O-O 13. Ba3 Bb4 14. Qb2 Rd8 15. h3
Ne4 16. Bxb4 axb4 17. Nxe4 dxe4 18. Nh2 c5 19. e3 e5 20. Ng4 exd4 21. exd4 f5
22. Ne3 cxd4 23. Qxd4 Nf6 24. Qb6 f4 25. gxf4 Qxf4 26. Rad1 Rd3 27. Qxb4 Rf8
28. Rd2 Nd7 29. Ree2 Ne5 30. Nd5 Nf3+ 31. Bxf3 Qxf3 32. Re3 Rxe3 33. Nxe3 Bf5
34. Qe7 Bxh3 35. Kh2 Rf5 36. Qh4 Rh5 37. Qg3 Bg2+ 0-1

[Event "Skakligaen 2019-20"]
[Site "Denmark"]
[Date "2020.01.12"]
[Round "5.2"]
[White "Jepson, Christian"]
[Black "Lindgren, Philip"]
[Result "1/2-1/2"]
[WhiteElo "2383"]
[BlackElo "2353"]
[PlyCount "49"]
[EventDate "2019.11.23"]
[EventType "team-tourn"]
[EventRounds "9"]
[WhiteTeam "Nordkalotten"]
[BlackTeam "BMS"]
[WhiteTeamCountry "DEN"]
[BlackTeamCountry "DEN"]

1. c4 Nf6 2. Nf3 e6 3. g3 d5 4. d4 Be7 5. Bg2 O-O 6. O-O c6 7. Qc2 b6 8. Rd1
Bb7 9. Nc3 Na6 10. a3 dxc4 11. Ne5 Qc8 12. Bg5 h6 13. Bxf6 Bxf6 14. Nxc4 Rd8
15. Ne4 Be7 16. Rac1 Qc7 17. b4 Rac8 18. e3 Qb8 19. Nc3 Nc7 20. Qb3 Nd5 21. Ne5
Bf6 22. Ng4 Be7 23. Ne5 Bf6 24. Ng4 Be7 25. Ne5 1/2-1/2

[Event "Skakligaen 2019-20"]
[Site "Denmark"]
[Date "2020.01.12"]
[Round "5.3"]
[White "Haubro, Martin"]
[Black "Brynell, Stellan"]
[Result "1/2-1/2"]
[WhiteElo "2358"]
[BlackElo "2412"]
[PlyCount "72"]
[EventDate "2019.11.23"]
[EventType "team-tourn"]
[EventRounds "9"]
[WhiteTeam "BMS"]
[BlackTeam "Nordkalotten"]
[WhiteTeamCountry "DEN"]
[BlackTeamCountry "DEN"]

1. e4 e6 2. d4 d5 3. Nc3 dxe4 4. Nxe4 Be7 5. Nf3 Nf6 6. Bd3 Nbd7 7. Qe2 c5 8.
Nxc5 Nxc5 9. dxc5 Bxc5 10. Bg5 Qa5+ 11. c3 Be7 12. Bb5+ Bd7 13. Bxd7+ Nxd7 14.
Bxe7 Kxe7 15. O-O Nf6 16. a4 Rhd8 17. Nd4 Rd5 18. f4 Rad8 19. Rf3 Kf8 20. Re3
a6 21. g4 h6 22. Kh1 Rxd4 23. cxd4 Rxd4 24. Rf1 Qxa4 25. g5 Nd5 26. gxh6 gxh6
27. Ref3 Rxf4 28. Rxf4 Nxf4 29. Qf3 e5 30. Qxb7 Qb5 31. Qxb5 axb5 32. Rf3 b4
33. Rb3 Nd5 34. Rd3 Nf4 35. Rb3 Nd5 36. Rd3 Nf4 1/2-1/2

[Event "Skakligaen 2019-20"]
[Site "Denmark"]
[Date "2020.01.12"]
[Round "5.4"]
[White "Hove, Esben Kjems"]
[Black "Sahl, Bjarke"]
[Result "1/2-1/2"]
[WhiteElo "2323"]
[BlackElo "2326"]
[PlyCount "77"]
[EventDate "2019.11.23"]
[EventType "team-tourn"]
[EventRounds "9"]
[WhiteTeam "Nordkalotten"]
[BlackTeam "BMS"]
[WhiteTeamCountry "DEN"]
[BlackTeamCountry "DEN"]

1. d4 Nf6 2. c4 e6 3. Nf3 b6 4. g3 Bb4+ 5. Nbd2 O-O 6. Bg2 Bb7 7. O-O a5 8. Ne5
Qc8 9. Ndf3 Be7 10. Nd3 c5 11. dxc5 bxc5 12. Nfe1 d6 13. f3 Nbd7 14. e4 Bc6 15.
Nc2 Qc7 16. Ne3 Rfd8 17. Bd2 Nf8 18. Bc3 Ng6 19. Qc2 Qb7 20. Nf2 Ne8 21. f4 Bf6
22. Bxf6 Nxf6 23. Rad1 h5 24. Rd2 h4 25. Rfd1 hxg3 26. hxg3 Qc7 27. e5 dxe5 28.
Rxd8+ Rxd8 29. Rxd8+ Qxd8 30. Bxc6 exf4 31. gxf4 Qc7 32. Be4 Nxf4 33. Bf3 Nh7
34. Kf1 f5 35. Nxf5 exf5 36. Qxf5 Nf6 37. Ne4 Nxe4 38. Qxe4 Qd6 39. Qe8+
1/2-1/2

[Event "Skakligaen 2019-20"]
[Site "Denmark"]
[Date "2020.01.12"]
[Round "5.5"]
[White "Vesterli, Michael E"]
[Black "Sylvan, Jacob"]
[Result "0-1"]
[WhiteElo "2234"]
[BlackElo "2323"]
[PlyCount "44"]
[EventDate "2019.11.23"]
[EventType "team-tourn"]
[EventRounds "9"]
[WhiteTeam "BMS"]
[BlackTeam "Nordkalotten"]
[WhiteTeamCountry "DEN"]
[BlackTeamCountry "DEN"]

1. d4 Nf6 2. Nc3 d5 3. Bg5 Nbd7 4. f3 c6 5. e4 dxe4 6. fxe4 e5 7. Nf3 Qb6 8.
Qd2 exd4 9. Nxd4 Qxb2 10. Rb1 Qa3 11. Bc4 Ne5 12. Bb3 Bb4 13. Bxf6 gxf6 14. O-O
Qa5 15. Nde2 Bg4 16. Qf4 Bxc3 17. Nxc3 Qxc3 18. Qxf6 Qc5+ 19. Kh1 Rf8 20. h3
Bd7 21. Qg5 Qe7 22. Rf6 O-O-O 0-1

[Event "Skakligaen 2019-20"]
[Site "Denmark"]
[Date "2020.01.12"]
[Round "5.6"]
[White "Kristensen, Kaare Hove"]
[Black "Seegert, Kristian"]
[Result "1-0"]
[WhiteElo "2345"]
[BlackElo "2234"]
[PlyCount "71"]
[EventDate "2019.11.23"]
[EventType "team-tourn"]
[EventRounds "9"]
[WhiteTeam "Nordkalotten"]
[BlackTeam "BMS"]
[WhiteTeamCountry "DEN"]
[BlackTeamCountry "DEN"]

1. d4 Nf6 2. c4 e6 3. g3 c5 4. Nf3 cxd4 5. Nxd4 Nc6 6. Bg2 Qb6 7. Nb3 Be7 8.
O-O O-O 9. Be3 Qc7 10. Nc3 Ne5 11. Bf4 d6 12. Nb5 Qb6 13. Be3 Qd8 14. Rc1 a6
15. N5d4 Rb8 16. Qd2 Nfg4 17. Rfd1 Nxe3 18. Qxe3 Bf6 19. f4 Ng4 20. Qf3 e5 21.
h3 Nh6 22. fxe5 Bxe5 23. c5 Qg5 24. Kh2 f5 25. cxd6 f4 26. g4 Bxg4 27. hxg4
Nxg4+ 28. Kg1 Qh4 29. d7 Qh2+ 30. Kf1 Ne3+ 31. Kf2 Qh4+ 32. Kg1 Nxd1 33. Rxd1
Qf6 34. Qd5+ Kh8 35. Qe6 Qxe6 36. Nxe6 1-0

[Event "Skakligaen 2019-20"]
[Site "Denmark"]
[Date "2020.01.12"]
[Round "5.7"]
[White "Akdag, Dara Sevkan"]
[Black "Jakobsen, Peter"]
[Result "1-0"]
[WhiteElo "2209"]
[BlackElo "2211"]
[PlyCount "57"]
[EventDate "2019.11.23"]
[EventType "team-tourn"]
[EventRounds "9"]
[WhiteTeam "BMS"]
[BlackTeam "Nordkalotten"]
[WhiteTeamCountry "DEN"]
[BlackTeamCountry "DEN"]

1. f4 d5 2. Nf3 Nf6 3. g3 c6 4. Bg2 Qb6 5. e3 Bg4 6. O-O g6 7. h3 Bxf3 8. Qxf3
Bg7 9. Nc3 Nbd7 10. a4 a5 11. g4 O-O-O 12. Rb1 Nc5 13. b4 axb4 14. Na2 Na6 15.
Nxb4 Nxb4 16. c3 Ne4 17. Rxb4 Qa6 18. Rd1 f5 19. a5 Qxa5 20. Bb2 Qc7 21. Qe2 e5
22. c4 d4 23. Ra1 Qd6 24. Rb6 Qc5 25. Rb3 dxe3 26. dxe3 Qd6 27. Bxe4 fxe4 28.
Bc3 Kb8 29. Qa2 1-0

[Event "Skakligaen 2019-20"]
[Site "Denmark"]
[Date "2020.01.12"]
[Round "5.8"]
[White "Ejsing, Esben"]
[Black "Brorsen, Jacob Abildlund"]
[Result "0-1"]
[WhiteElo "2149"]
[BlackElo "2164"]
[PlyCount "52"]
[EventDate "2019.11.23"]
[EventType "team-tourn"]
[EventRounds "9"]
[WhiteTeam "Nordkalotten"]
[BlackTeam "BMS"]
[WhiteTeamCountry "DEN"]
[BlackTeamCountry "DEN"]

1. Nf3 c5 2. b3 d5 3. Bb2 Nf6 4. e3 Nc6 5. Bb5 Bd7 6. c4 Nb4 7. Ne5 Bxb5 8.
cxb5 d4 9. a3 Nbd5 10. O-O dxe3 11. dxe3 e6 12. Nd2 Be7 13. Ndc4 O-O 14. Qf3
Nd7 15. Rfd1 Nxe5 16. Bxe5 Qe8 17. e4 f6 18. Bb2 Nc7 19. b6 axb6 20. Nxb6 Ra6
21. Nd7 Rf7 22. Rd3 e5 23. Rad1 Ne6 24. b4 c4 25. Rd5 Nf4 26. Rb5 Bd6 0-1